<?xml version="1.0" encoding="UTF-8"?>
<record
    xmlns:xsi="http://www.w3.org/2001/XMLSchema-instance"
    xsi:schemaLocation="http://www.loc.gov/MARC21/slim http://www.loc.gov/standards/marcxml/schema/MARC21slim.xsd"
    xmlns="http://www.loc.gov/MARC21/slim">

  <leader>00394nam a2200145Ia 4500</leader>
  <controlfield tag="008">230411s9999    xx            000 0 und d</controlfield>
  <datafield tag="020" ind1=" " ind2=" ">
    <subfield code="a">978-9386006-46-2</subfield>
  </datafield>
  <datafield tag="041" ind1=" " ind2=" ">
    <subfield code="a">eng</subfield>
  </datafield>
  <datafield tag="082" ind1=" " ind2=" ">
    <subfield code="a">CH/610.7343/CHA/B09630</subfield>
  </datafield>
  <datafield tag="100" ind1=" " ind2=" ">
    <subfield code="a">Chanagiri Aurasang</subfield>
    <subfield code="9">180125</subfield>
  </datafield>
  <datafield tag="245" ind1=" " ind2=" ">
    <subfield code="a">Textbook of Community Health Nursing I</subfield>
  </datafield>
  <datafield tag="260" ind1=" " ind2=" ">
    <subfield code="b">EMMESS</subfield>
    <subfield code="a">Bangalore</subfield>
    <subfield code="c">2019</subfield>
  </datafield>
  <datafield tag="300" ind1=" " ind2=" ">
    <subfield code="a">412p</subfield>
  </datafield>
  <datafield tag="999" ind1=" " ind2=" ">
    <subfield code="c">158625</subfield>
    <subfield code="d">158625</subfield>
  </datafield>
  <datafield tag="952" ind1=" " ind2=" ">
    <subfield code="0">0</subfield>
    <subfield code="1">0</subfield>
    <subfield code="4">0</subfield>
    <subfield code="7">0</subfield>
    <subfield code="8">CH</subfield>
    <subfield code="a">BTIN</subfield>
    <subfield code="b">BTIN</subfield>
    <subfield code="d">2021-12-24</subfield>
    <subfield code="e">Patil Medical Book House</subfield>
    <subfield code="g">695.00</subfield>
    <subfield code="i">4752</subfield>
    <subfield code="l">17</subfield>
    <subfield code="m">3</subfield>
    <subfield code="o">CH 610.7343 CHA B09630</subfield>
    <subfield code="p">BTIN-BK-9630</subfield>
    <subfield code="r">2025-09-15 10:15:57</subfield>
    <subfield code="s">2025-09-11</subfield>
    <subfield code="v">483.02</subfield>
    <subfield code="w">2021-11-30</subfield>
    <subfield code="y">BK</subfield>
    <subfield code="z">B09630</subfield>
  </datafield>
  <datafield tag="952" ind1=" " ind2=" ">
    <subfield code="0">0</subfield>
    <subfield code="1">0</subfield>
    <subfield code="4">0</subfield>
    <subfield code="7">0</subfield>
    <subfield code="8">CH</subfield>
    <subfield code="a">BTIN</subfield>
    <subfield code="b">BTIN</subfield>
    <subfield code="d">2022-01-21</subfield>
    <subfield code="e">Patil Medical Book House</subfield>
    <subfield code="g">695.00</subfield>
    <subfield code="i">4752</subfield>
    <subfield code="l">16</subfield>
    <subfield code="m">2</subfield>
    <subfield code="o">CH 610.7343 CHA B09727</subfield>
    <subfield code="p">BTIN-BK-9727</subfield>
    <subfield code="r">2025-06-24 00:00:00</subfield>
    <subfield code="s">2025-06-17</subfield>
    <subfield code="v">483.02</subfield>
    <subfield code="w">2021-11-30</subfield>
    <subfield code="y">BK</subfield>
    <subfield code="z">B09727</subfield>
  </datafield>
  <datafield tag="952" ind1=" " ind2=" ">
    <subfield code="0">0</subfield>
    <subfield code="1">0</subfield>
    <subfield code="4">0</subfield>
    <subfield code="7">0</subfield>
    <subfield code="8">CH</subfield>
    <subfield code="a">BTIN</subfield>
    <subfield code="b">BTIN</subfield>
    <subfield code="d">2022-01-21</subfield>
    <subfield code="e">Patil Medical Book House</subfield>
    <subfield code="g">695.00</subfield>
    <subfield code="i">4752</subfield>
    <subfield code="l">21</subfield>
    <subfield code="m">1</subfield>
    <subfield code="o">CH 610.7343 CHA B09728</subfield>
    <subfield code="p">BTIN-BK-9728</subfield>
    <subfield code="r">2025-11-18 12:01:14</subfield>
    <subfield code="s">2025-11-06</subfield>
    <subfield code="v">483.02</subfield>
    <subfield code="w">2021-11-30</subfield>
    <subfield code="y">BK</subfield>
    <subfield code="z">B09728</subfield>
  </datafield>
  <datafield tag="952" ind1=" " ind2=" ">
    <subfield code="0">0</subfield>
    <subfield code="1">0</subfield>
    <subfield code="4">0</subfield>
    <subfield code="7">0</subfield>
    <subfield code="8">CH</subfield>
    <subfield code="a">BTIN</subfield>
    <subfield code="b">BTIN</subfield>
    <subfield code="d">2022-01-21</subfield>
    <subfield code="e">Patil Medical Book House</subfield>
    <subfield code="g">695.00</subfield>
    <subfield code="i">4752</subfield>
    <subfield code="l">12</subfield>
    <subfield code="m">4</subfield>
    <subfield code="o">CH 610.7343 CHA B09729</subfield>
    <subfield code="p">BTIN-BK-9729</subfield>
    <subfield code="r">2025-06-30 00:00:00</subfield>
    <subfield code="s">2025-06-26</subfield>
    <subfield code="v">483.02</subfield>
    <subfield code="w">2021-11-30</subfield>
    <subfield code="y">BK</subfield>
    <subfield code="z">B09729</subfield>
  </datafield>
</record>
